000 00977nam a22002777a 4500
001 1107566
003 OSt
005 20210422053604.0
008 930805s1994 nyu b 000 0 eng
010 _a 93030495
020 _a0670852449 :
_c$20.95 ($25.99 Canada)
040 _aDLC
_cDLC
_dDLC
050 0 0 _aQA76.8.M3
_bL487 1994
080 _a004
_bL-62
082 0 0 _a338.7/61004165
_220
100 1 _aLevy, Steven.
245 1 0 _aInsanely great :
_bthe life and times of Macintosh, the computer that changed everything /
_cSteven Levy.
260 _aNew York :
_bViking,
_c1994.
300 _ax, 292 p. ;
_c20 cm.
504 _aIncludes bibliographical references (p. [289]-292).
650 0 _aMacintosh (Computer)
653 _aკომპიუტერი
906 _a7
_bcbc
_corignew
_d1
_eocip
_f19
_gy-gencatlg
942 _2udc
_cBK
999 _c781
_d781